[Event "Bayern-chI Bank Hofmann 7th"]
[Site "Bad Wiessee"]
[Date "2003.11.15"]
[Round "8"]
[White "Hertneck, Gerald"]
[Black "Levushkina, Elena"]
[Result "1-0"]
[WhiteElo "2524"]
[BlackElo "2308"]
[Annotator "Hertneck,G"]
[PlyCount "121"]
[EventDate "2003.11.08"]
[EventType "swiss"]
[EventRounds "9"]
[EventCountry "GER"]
[SourceTitle "EXT 2004"]
[Source "ChessBase"]
[SourceDate "2003.11.25"]
[SourceVersion "1"]
[SourceVersionDate "2003.11.25"]
[SourceQuality "1"]

1. d4 d5 2. c4 dxc4 3. e4 Nf6 4. e5 Nd5 5. Bxc4 Nb6 6. Bd3 {Dieses System ist
in letzter Zeit zunehmend in Mode gekommen.} Nc6 7. Ne2 (7. Be3 Nb4 8. Be4 f5
$1 9. exf6 exf6) 7... Bg4 $1 {Der theoretische Hauptzug, der Weiß zur
Schwächung f3 zwingt.} 8. f3 Be6 9. Nbc3 g6 $5 {Häufiger werden folgende
Alternativen gespielt:} (9... Bd5 10. O-O e6) (9... Qd7 10. Ne4 Bd5 11. Nc5 Qc8
) 10. Be4 Nd5 11. h4 ({Es entging mir, dass Schwarz nach} 11. Qb3 $1 {den
Punkt d5 nicht mehr halten kann, wonach Weiß in Vorteil kommt.}) 11... h5 12.
Bg5 $6 {An sich kein schlechter Zug, aber besser war immer noch} (12. Qb3 $1
Na5 (12... Nxc3 13. Qxb7 Nxe4 14. Qxc6+ Bd7 15. Qxe4 $16) 13. Qa4+ c6 14. Bxd5
Bxd5 15. Nxd5 Qxd5 16. b3 $1 $16) 12... Bg7 13. Qd2 Qd7 (13... O-O 14. Bh6) 14.
O-O-O ({Hier war bereits das in der Partie folgende Motiv möglich:} 14. Nxd5
Bxd5 15. e6 $1 Bxe6 (15... fxe6 16. Bxg6+) (15... Qxe6 16. Nf4 $18) 16. d5 f5
17. Nf4 $1 Bf7 (17... fxe4 18. Nxe6 $16) 18. dxc6 Qxd2+ 19. Kxd2 fxe4 20. Rae1
$1 $16) 14... Nxc3 $2 {Ein positioneller Fehler, da Schwarz nun Kontrolle über
das Feld d5 verliert. Richtig war} (14... O-O-O 15. Kb1 f6 16. Bf4 $13) 15.
Nxc3 $16 Bf5 16. Qe3 {Verhindert die lange Rochade von Schwarz, auf die nun d5
nebst Dxa7 folgen würde.} Rd8 $5 {Schiebt die Rochade noch auf.} (16... O-O 17.
g4 $5 {und Weiß kommt zu einem gefährlichen Königsangriff.}) 17. e6 $1 {
Das thematische Opfer in diesem System.} fxe6 (17... Qxe6 18. d5 $18) (17...
Bxe6 18. d5 $18) 18. d5 Nb4 $1 (18... Ne5 $2 19. dxe6 Qxe6 20. Rxd8+ Kxd8 21.
Rd1+ Ke8 22. Bxf5 Qxf5 23. Nd5 $1 $18) 19. dxe6 $2 {Schätzt die Folgen der
Abwicklung falsch ein.} ({Nach dem einfachen} 19. Bxf5 $1 exf5 20. Rhe1 O-O 21.
Bxe7 (21. Qc5 $5 Na6 22. Qxe7 Kh7 23. Qe6 Qxe6 24. dxe6 Rxd1+ 25. Rxd1 Re8 26.
e7 Kg8 27. Rd8 Kf7 28. Nb5 $16) 21... Rfe8 22. Qg5 $1 {bleibt Weiß in allen
Varianten im Vorteil.} (22. Qe6+ Qxe6 23. Rxe6 Rxd5 24. Nxd5 Nxd5 25. Rxd5 Kf7
26. Re1 Rxe7 27. Rxe7+ Kxe7) 22... Kh7 23. Kb1 $1 Bxc3 (23... Bh6 24. Qf6 Bg7
25. Qf7 $18) 24. bxc3 Nxd5 25. Bxd8 Nxc3+ 26. Kc1 Nxd1 27. Rxe8 Qxe8 28. Kxd1
Qa4+ 29. Ke1 $18) (19. a3 $5 {Fritz}) 19... Qxe6 20. Rxd8+ Kxd8 {Leider steht
der König nicht so offen, wie Weiß denkt.} 21. Qxa7 $2 {Zu gierig. Mehr
Kontrolle behält Weiß über die Stellung nach dem Bauernopfer} (21. Rd1+ Ke8 22.
Qc5 $1 Bxe4 23. Nxe4 (23. fxe4 Nc6) 23... Nc6 24. Kb1 $1) 21... Bxe4 (21... Qc4
22. Qa8+ Kd7 23. Qa4+ c6) 22. fxe4 (22. Qa8+ Kd7 23. Qa4+ Bc6 24. Qxb4 Ra8 25.
Rd1+ Ke8) 22... Qc4 $1 {Stellt unverzüglich Gegendrohungen auf, während Weiß
sich noch verwundert die Augen reibt, was aus seinem schönen Angriff geworden
ist...} 23. Rd1+ Ke8 24. Qa4+ ({Ein besserer Versuch war vielleicht noch} 24.
Kb1 Bxc3 25. bxc3 Qxe4+ 26. Ka1 Qe2) 24... c6 25. Qb3 {Der Damentausch ist
eigentlich nicht besonders erstrebenswert, aber was sonst?} (25. Qa8+ Kf7 26.
Qxb7 Nxa2+ 27. Kc2 Nb4+ 28. Kb1 Re8 $19) 25... Qxb3 26. axb3 Rf8 {Das Endspiel
ist wegen der weißen Bauernschwächen klar besser für Schwarz.} 27. Be3 Bf6 $17
28. Rh1 (28. g3 Be5) (28. g4 hxg4 29. Rg1 Nd3+ 30. Kc2 Ne5 31. Bf4 Nf3 32. Rxg4
Bxh4) 28... Kf7 29. Rd1 $5 (29. g3 Ke6) 29... Bxh4 (29... Ke6 30. Na4 Na6) 30.
Rd7 b5 31. e5 {Mit der Idee Td4.} Ra8 $1 32. Kb1 (32. Rd4 Ra1+ 33. Kd2 Be1+ 34.
Ke2 Nc2) 32... Na6 $1 {Schwarz spielt diese Phase äußerst genau. Trotz aller
Versuche kommt Weiß nicht zu Gegenspiel.} 33. Ne2 {Mit der Drohung g3, aber
Schwarz lässt nicht locker.} Ke6 34. Rd4 Be1 35. Rd1 Bb4 36. Nd4+ Kxe5 (36...
Kd5 $5 37. Nf3+ Ke4 $19) 37. Nxc6+ Ke4 38. Bg1 Bd6 $6 {Zeitnot.} (38... e5 $1
39. Bh2 Re8 $19) 39. Nxe7 $2 {Zeitnot.} ({Stärker war, zunächst den König mit
Schach von seinem Vorposten zu vertreiben.} 39. Re1+ Kd5 (39... Kd3 $2 40. Kc1
Bf4+ 41. Kd1 h4 42. Bb6 $1 $16) 40. Nxe7+ Bxe7 41. Rxe7 Rf8) 39... Bxe7 40.
Re1+ Kd3 $1 41. Rxe7 Rf8 {Die Partie spielte sich aus schwarzer Sicht in den
letzten 10 Zügen wie Butter.} 42. Re1 {Materiell steht das Spiel steht gleich,
aber aufgrund des weißen Doppelbauern und des aktiven Königs auf d3 ist
Schwarz deutlich im Vorteil.} Rf4 $6 {Ein Fehler, aber noch kein
entscheidender.} (42... Kd2 $1 43. Rc1 Re8 $19) 43. Kc1 $1 Rg4 $4 {Ein
unerklärlicher Fehler, zumal die Zeitkontrolle bereits überstanden war.
Offensichtlich übersieht Schwarz im Siegesrausch völlig, dass der König auf d3
kein vernünftiges Fluchtfeld mehr hat.} (43... Re4 44. Rd1+ Ke2 45. Ba7 Re6 $17
) (43... Nb4 44. Re3+ Kd4 45. Kd2 Rg4 $17) 44. Re3+ Kd4 45. Re6+ {Offen
gestanden hatte ich nicht zu hoffen gewagt, dass ich in dieser Partie noch
eine solche Gegenchance bekommen würde!} Kd3 $2 {Dieser an sich logische Zug
verliert ein wichtiges Tempo.} ({Richtig war} 45... Kd5 46. Rxa6 Rxg2 47. Ba7
h4 48. Kb1 (48. Rb6 h3 49. Rxb5+ Kc6 50. Re5 h2 51. Re1 g5 52. Kb1 g4 53. Ka2
g3 54. Ka3 Re2 55. Rh1 Re1 $1 56. Rxe1 g2) 48... h3 49. Bb8 g5 50. Ka2 g4 51.
Ka3 $11) 46. Ba7 $1 $16 {[#] Mit diesem wunderschönen Zwischenzug spart Weiß
ein wichtiges Tempo, weil nach Txg2 nicht mehr der Läufer auf g1 angegriffen
ist.} Rg3 (46... Rxg2 $4 47. Re3#) (46... Re4 47. Rd6+ Ke2 48. Rxa6 Rg4 49. Rb6
) 47. Rxa6 Rxg2 48. Re6 $1 {Noch einmal gewinnt Weiß mit seiner Mattdrohung
ein Tempo, auch wenn dies schon nicht mehr ganz so wichtig ist. Immerhin wird
der schwarze Turm von der zweiten Reihe vertrieben.} Rg3 (48... Rc2+ 49. Kb1
Rg2 50. Re5) 49. Re5 h4 50. Rd5+ {Nutzt die Gunst des Augenblicks, um die
schwarze Königsstellung weiter zu verschlechtern.} Ke2 51. Kc2 $1 {Bringt den
endlich den König ins Spiel, aber vielleicht war auch Txb5 ausreichend.} (51.
Rxb5 h3 52. Rd5) 51... h3 52. Bb8 {Natürlich können die beiden schwarzen
Freibauern ganz leicht auf der Diagonale b8-h2 gestopt werden. Notfalls opfert
sich der Läufer gegen den vorgerückten Bauern, wonach Weiß ein besseres
Turmendspiel erhält.} Rg2 53. Kc3 g5 (53... b4+ 54. Kxb4 h2 55. Bxh2 Rxh2 56.
Rg5 $1 Rh4+ 57. Ka3 Rh6 58. b4 Ke3 59. b5 Kf4 60. Rg1 g5 61. Ka4 g4 62. Ka5 g3
63. b6 Kf3 64. b7 Rh8 65. b4 Kf2 66. Rb1 g2 67. b5 g1=Q 68. Rxg1 Kxg1 69. Kb6
Kf2 70. Ka7 Ke3 71. b8=Q Rxb8 72. Kxb8 Kd4 73. b6 $18) 54. Rxb5 g4 55. Rh5 Rg1
56. b4 $18 {Endlich läuft der b-Bauer!} Rc1+ 57. Kb3 Rc8 58. Bh2 Kf3 59. b5 Kg2
60. Bd6 g3 61. Rg5 1-0

[Event "Candidates plof-4.pl Tal-Timman +1-1=4"]
[Site "Montpellier"]
[Date "1985.11.07"]
[Round "2"]
[White "Timman, Jan H"]
[Black "Tal, Mihail"]
[Result "1-0"]
[WhiteElo "2640"]
[BlackElo "2565"]
[Annotator "Huebner,R"]
[PlyCount "55"]
[EventDate "1985.11.06"]
[EventType "match"]
[EventRounds "6"]
[EventCountry "FRA"]
[SourceTitle "Candidates"]
[Source "ChessBase"]
[SourceDate "1999.07.01"]
[SourceVersion "2"]
[SourceVersionDate "1999.07.01"]
[SourceQuality "1"]

1. d4 d5 2. c4 dxc4 3. e4 e5 4. Nf3 exd4 5. Bxc4 Bb4+ 6. Nbd2 Nc6 7. O-O Qf6 8.
e5 Qg6 9. Nh4 Qg4 10. Ndf3 Be6 11. h3 Qe4 12. Bd3 Qd5 13. Ng5 Be7 (13... Qxe5
$5 14. Nhf3 Qd5 15. Be4 $44) 14. Be4 Qd7 15. Nxe6 Qxe6 16. Bxc6+ bxc6 17. Qxd4
Rd8 18. Qa4 Bc5 19. Qc2 Rd5 (19... Bb6 {Dies ist eine zähere Verteidigung.
Hübner} 20. Bg5 (20. Nf5 Qg6) 20... Ne7 21. Bxe7 Kxe7 22. Nf5+ Kd7 {Die
Aufgabe von Weiß scheint mir noch nicht einfach zu sein. Hübner}) 20. b4 {[#]}
Bd4 (20... Bb6 {Tal} 21. Nf5 Qg6 22. Bg5 $1 (22. Nxg7+ Kf8 $1 23. Nf5 Ne7 {
+/=/=} 24. Bh6+ Ke8) 22... Qxg5 {Hübner} (22... h6 23. e6 fxe6 24. Nd6+ $18 {
Timman}) 23. Qxc6+ Rd7 24. Rad1 (24. e6 {M.Trauth} fxe6 25. Rad1 Qxf5 (25...
Nf6 $2 26. Qxe6+ Kd8 27. Qc6 $18) 26. Qxd7+ (26. Rxd7 Ne7) 26... Kf8 27. a4 (
27. Qc8+ Kf7 28. Rd7+ Kg6 $13 29. g4 (29. a4 Nf6) 29... Qe5) 27... a5 28. bxa5
Bxa5 29. Qd8+ Kf7 30. Rd7+ Kg6 31. g4 Qe5 (31... Qc5 32. Qe8+ Kh6 33. h4 $18)
32. Qe8+ Kh6 33. f4 $18) 24... Qxf5 25. e6 Bxf2+ (25... Qxe6 26. Rfe1 Qxe1+ 27.
Rxe1+ Ne7 $13) 26. Rxf2 Qxe6 27. Re2 (27. Qa8+ Ke7 28. Rxd7+ Qxd7 29. Re2+ Kf6)
27... Qxe2 28. Qxd7+ (28. Rxd7 Qe1+ 29. Kh2 Qe5+ $10) 28... Kf8 29. Qc8+ Ke7
30. Qxc7+ Kf6 31. Rd6+ Kg5 32. Qc1+ Kh5 33. Rd5+ $18 {Hübner}) 21. Nf5 Bxe5 22.
Re1 Kf8 23. Bb2 Qxf5 24. Qxf5 Bh2+ 25. Kxh2 Rxf5 26. Rad1 Rd5 27. Rxd5 cxd5 28.
Rc1 1-0

[Event "POL-ch"]
[Site "Warsaw"]
[Date "2004.04.25"]
[Round "2"]
[White "Miton, Kamil"]
[Black "Markowski, Tomasz"]
[Result "1-0"]
[WhiteElo "2563"]
[BlackElo "2605"]
[Annotator "Huzman,A"]
[PlyCount "73"]
[EventDate "2004.04.24"]
[EventType "tourn"]
[EventRounds "13"]
[EventCountry "POL"]
[EventCategory "12"]
[SourceTitle "CBM 101"]
[Source "ChessBase"]
[SourceDate "2004.07.27"]
[SourceVersion "1"]
[SourceVersionDate "2004.07.27"]
[SourceQuality "1"]

1. d4 d5 2. c4 dxc4 3. e4 Nf6 4. e5 Nd5 5. Bxc4 Nb6 6. Bb3 Bf5 7. Nc3 e6 8.
Nge2 Nc6 9. a3 Qd7 10. O-O Be7 11. Be3 O-O 12. Bc2 {[%mdl 4] Strategically
speaking, it's a strange-looking B-swap, but it results in a significant
increase of White's K-side attacking potential} (12. Qc1 Na5 13. Bc2 (13. Ba2
Nac4 14. Rd1 Nxe3 15. Qxe3 c6 16. Rac1 {[#]. 1/2-1/2 Hertneck,G-Raetsky,A/
Werfen 1995/EXT 97 (16)}) 13... Bxc2 14. Qxc2 Nac4 15. Bf4 Nd5 16. Nxd5 exd5
17. a4 c6 18. b3 Nb6 (18... Na5 19. Bd2 $16) 19. a5 Nc8 20. a6 $16 {1-0
Razuvaev,Y-Almasi,I/Bern 1995/EXT 2000 (37)}) (12. Ba2 a5 (12... Rfd8 13. h3 (
13. b4 Bf8 14. h3 Bg6 15. Re1 Qe8 16. Qc1 Rd7 17. Qb2 Rad8 18. Rad1 Kh8 19. Rd2
Qe7 20. Kh2 a5 21. b5 Nb8 22. a4 Qb4 23. Bb3 c5 24. bxc6 Nxc6 $11 {1/2-1/2
Gulko,B-Markowski,T/Istanbul 2000/EXT 2001 (42)}) 13... Bg6 14. f4 (14. Qe1 a5
$1 15. Bb3 a4 16. Ba2 Na5 17. Nf4 Nb3 18. Nxg6 hxg6 19. Rd1 Qc6 $132 {1/2-1/2
Van Wely,L-Adianto,U/Amsterdam 1996/Inf 67/[Van Wely,L] (43)}) 14... Na5 15.
Bf2 c5 16. dxc5 Qc6 17. Qe1 Bxc5 18. Rc1 Nac4 19. Na4 Nxa4 {1/2-1/2 Ehlvest,
J-Yakovich,Y/Paide 1999/EXT 2000 (19)}) (12... Rad8 13. Qc1 Qc8 14. Rd1 Rd7 15.
b4 Rfd8 16. Qb2 Bf8 17. Rd2 a5 18. b5 Ne7 $11 {0-1 Papenin,N-Drozdovskij,Y/
Dnepropetrovsk 2002/EXT 2003 (43)}) 13. Ng3 Bg6 14. f4 Rad8 15. d5 $16 {
1-0 Varga,P-Nguyen Thi Tuong Van/Budapest 1997/EXT 99 (25)}) (12. Ng3 Bg6 13.
Qg4 Kh8 (13... Rfd8 $5 {[%csl Rd4]} 14. Rad1 Na5 15. Ba2 Nac4 16. Qe2 Nxe3 17.
fxe3 Nd5 18. Nxd5 exd5 19. e4 $1 $14 {1-0 Golod,V-Reyes Najera,C/Merliot 2002/
CBM 93/[Golod,V] (38)}) 14. Ba2 Rfd8 15. Rfd1 Bf8 16. Rac1 Ne7 17. Bg5 h6 18.
Bh4 c6 19. Nce4 Rdb8 20. Nc5 Qc8 21. Bxe7 Bxe7 22. f4 Bxc5 23. dxc5 Nd5 24. Qf3
$14 {1/2-1/2 Mamedyarov,S-Drozdovskij,Y/Peniscola 2002/CBM 90 ext (24)}) 12...
Bxc2 13. Qxc2 Rfd8 (13... f6 14. exf6 Bxf6 15. Ne4 $14) 14. Rad1 Nd5 15. Ne4 {
Black has no counterplay while White concentrates his army on the K-side thus
weakening the black K's position} a5 (15... h6 16. Bc1 (16. b4 $140 a5 17. b5
Na7 18. a4 c6 $132) 16... Bf8 17. N2g3 $36 {[%cal Gg3h5]}) 16. Bg5 $1 h6 17.
Bc1 Bf8 18. N2g3 $1 g6 19. h4 Nce7 (19... h5 20. Bg5 $16) 20. h5 Qc6 (20... g5
21. f4 $40) 21. Qe2 Nf5 22. Qg4 Kh7 (22... Qe8 23. hxg6 fxg6 24. Nh5 Be7 25.
Nc5 $36) 23. Rd3 Bg7 24. Ne2 $1 {[%cal Gd3h3][%mdl 32]} Qe8 25. hxg6+ fxg6 26.
Rh3 $40 Kg8 27. N2c3 $1 {[%mdl 4]} Qf7 28. Qd1 g5 $6 (28... Nde7 $142 29. Rd3
Nc6 30. Be3 $14) 29. g4 $1 Nfe7 (29... Nxd4 30. Qxd4 Nf4 31. Qe3 Rd3 32. Qxd3
Nxd3 33. Rxd3 $16) 30. f4 $1 gxf4 31. Bxf4 Qg6 (31... Nxf4 32. Nf6+ Bxf6 33.
Rxf4 $40) 32. Nxd5 $1 (32. Bxh6 Nxc3 33. Nxc3 Bxe5 $13) 32... Nxd5 (32... Rxd5
33. Nf6+ Bxf6 34. Rxh6 Qe4 35. exf6 Rxd4 36. Qf3 $1 Qxf3 37. Rxf3 Nc6 38. g5
$18) 33. Qd3 $1 {[%cal Gd3g6]} Nxf4 (33... Qxg4+ 34. Rg3 Qh4 (34... Nxf4 35.
Nf6+ $18) 35. Nf6+ Nxf6 36. exf6 Qxf6 37. Be3 $1 Qh4 38. Qg6 Rd7 39. Bxh6 Qxd4+
40. Be3 Qc4 41. Rh3 $18) 34. Rxf4 Kh8 (34... Bxe5 35. Nf6+ Qxf6 36. Rxf6 Bxd4+
37. Kg2 Bxf6 38. Qg6+ Bg7 39. Rxh6 Re8 40. Qh7+ Kf8 41. Rh3 Re7 42. Rf3+ Rf7
43. Qd3 $1 $18) 35. g5 $1 {[%cal Gf4h4,Gh3h6]} (35. Nc5 $5 Qxd3 36. Rxd3 Rd5
37. Rc3 b6 38. Nxe6 c5 $16) 35... c5 36. Nxc5 Qxg5+ (36... Qxg5+ 37. Qg3 Qxg3+
38. Rxg3 Re8 39. Rf7 Bf8 40. Rf6 $18) 37. Qg3 1-0

[Event "Olympiad-34"]
[Site "Istanbul"]
[Date "2000.11.04"]
[Round "7.1"]
[White "Van Wely, Loek"]
[Black "Azmaiparashvili, Zurab"]
[Result "1-0"]
[WhiteElo "2643"]
[BlackElo "2673"]
[Annotator "Huzman,A"]
[PlyCount "131"]
[EventDate "2000.10.28"]
[EventType "team-swiss"]
[EventRounds "14"]
[EventCountry "TUR"]
[SourceTitle "EXT 2001"]
[Source "ChessBase"]
[SourceDate "2000.11.22"]
[SourceVersion "1"]
[SourceVersionDate "2000.11.22"]
[SourceQuality "1"]
[WhiteTeam "Netherlands"]
[BlackTeam "Georgia"]
[WhiteTeamCountry "NED"]
[BlackTeamCountry "GEO"]

1. d4 d5 2. c4 dxc4 3. e4 c5 4. d5 Nf6 5. Nc3 b5 6. Bf4 Qa5 7. Bd2 b4 8. e5 Ng4
$2 (8... bxc3 9. Bxc3 Qa6 (9... Qc7 10. exf6 exf6 11. Bxc4 Bd6 12. Qa4+ Bd7 13.
Qa5 O-O 14. Qxc7 Bxc7 15. Ne2 Bd6 16. O-O-O a5 17. Ng3 $14 {1-0 Hurme,
H-Parkkinen,J/Finland 1999 (29)}) 10. exf6 exf6 11. b3 Be7 12. Bxc4 Qd6 13. Ne2
O-O 14. O-O f5 15. Re1 (15. Qd3 g6 16. Bd2 Bf6 17. Bf4 Be5 18. Bxe5 Qxe5 19.
Nc3 Rd8 20. Rfe1 Qf6 21. Qe3 Nd7 22. Na4 $16 {1-0 Lempert,I-Bukhman,E/St
Petersburg 1993/TD (47)}) 15... Nd7 16. Ng3 g6 17. Rxe7 $1 $16 {1-0 Shirov,
A-Kramnik,V/Linares 1993/Inf 57/[Shirov,A] (37)}) 9. e6 $1 Nf6 10. Bxc4 $1 fxe6
(10... bxc3 11. Bxc3 Qb6 12. Qa4+ Nbd7 13. Nf3 $16) (10... Ba6 $142 11. Bxa6
Nxa6 (11... bxc3 12. Bb7 cxd2+ 13. Qxd2 $18) 12. exf7+ Kxf7 13. Nce2 Nxd5 14.
Nf3 $44) 11. dxe6 $1 (11. Bb5+ Kf7 (11... Bd7 12. Bxd7+ Nbxd7 13. dxe6 Ne5 14.
Qa4+ (14. Qe2 c4 $36) 14... Qxa4 15. Nxa4 Nd3+ 16. Ke2 Rd8 17. Nf3 c4 18. b3 c3
19. Be3 $16 {[%csl Rd3]}) 12. Qa4 Qxa4 13. Nxa4 exd5 14. Nxc5 e5 15. Bxb4 Nbd7
$15) 11... Bb7 (11... bxc3 12. Bxc3 Qc7 13. Qa4+ Nc6 14. Nf3 Bb7 (14... g6 15.
Rd1 Bb7 (15... Bg7 16. Bb5 Bb7 17. Ba5 $1 $18) 16. Rd7 Nxd7 (16... Qb6 17. Rxb7
Qxb7 18. Bb5 Rc8 19. Ne5 $18) 17. exd7+ Qxd7 18. Bxh8 $16) 15. O-O-O Ne4 16.
Rd7 Qf4+ 17. Kb1 Nxc3+ 18. bxc3 Rb8 19. Ka1 Ba8 20. Rxa7 $18) {[%tqu "En","How
White can get a decisive advantage?","","","c3d5","",10]} 12. Nd5 $1 Nc6 (12...
Nxd5 13. Bxd5 Nc6 (13... Bxd5 14. Qh5+ g6 15. Qxd5 $18) 14. Qf3 $16) {[%tqu
"En","","","","d2b4","",10]} 13. Bxb4 $1 $18 Qd8 (13... cxb4 14. Nxf6+ exf6 15.
Qd7#) 14. Bxc5 Nxd5 15. Qxd5 Qxd5 16. Bxd5 O-O-O 17. Be4 $6 (17. O-O-O g6 18.
Ne2 $18) 17... Ne5 18. Bxb7+ Kxb7 19. Ke2 Rd5 20. b4 g5 21. Nf3 Nd3 $132 22.
Rhd1 Bg7 23. Rab1 Rhd8 24. Rxd3 (24. Nxg5 $5 Nf4+ 25. Kf3 Rxd1 26. Rxd1 Rxd1
27. Kxf4 $18) 24... Rxd3 25. Bxe7 R8d5 26. Bxg5 Kc7 $1 (26... Rxf3 27. e7 $18)
27. Be3 Kd6 28. a4 Ra3 29. Bxa7 (29. a5 a6 {[%csl Ra5,Rb4]}) 29... Rxa4 30. Be3
Bf6 31. b5 Ra2+ 32. Kf1 Ra5 33. b6 Rab5 34. Rc1 Kxe6 35. g4 Rb4 36. Rc8 Rd8 37.
Rc7 Rd7 (37... Rxg4 38. Rxh7) 38. Rc6+ Rd6 39. Rc1 Rd5 (39... Rxg4 40. Rb1 Rg8
41. b7 Rb8 (41... Rdd8 42. Bf4 $18) 42. Ba7 $18) 40. h4 Bd8 41. Nd4+ $1 Rdxd4 (
41... Kd7 42. Nc6 Rb2 (42... Rxb6 43. Nxd8 $18) 43. Nxd8 Kxd8 44. Rc7 Rd7 45.
Rc6 $18) 42. Bxd4 Rxd4 43. b7 Rb4 44. Rc8 $18 Rxb7 45. Rxd8 h5 $1 46. g5 (46.
f3) 46... Rb4 47. Rf8 Rxh4 48. f3 $1 Ke7 49. Rf5 Ra4 (49... Rh2 $1 50. g6 Rb2
51. Rf7+ Ke6 52. f4 $18) 50. Kg2 Ra1 51. Rf6 Ra2+ 52. Kg3 Ra1 53. Rh6 Kf7 54.
f4 Rh1 55. Kg2 Rh4 56. Kf3 Kg7 57. Ke4 Rh1 58. Kf5 Rh4 59. Ra6 Rg4 60. Ra7+ Kf8
61. Rh7 Rh4 62. g6 Kg8 63. Ke5 Rg4 64. f5 h4 65. Kf6 Ra4 66. Kg5 1-0

[Event "GER-ch 73th"]
[Site "Altenkirchen"]
[Date "2001.12.08"]
[Round "9"]
[White "Hertneck, Gerald"]
[Black "Levin, Felix"]
[Result "1-0"]
[WhiteElo "2572"]
[BlackElo "2541"]
[Annotator "Huzman,A"]
[PlyCount "86"]
[EventDate "2001.11.30"]
[EventType "swiss"]
[EventRounds "9"]
[EventCountry "GER"]
[SourceTitle "CBM 087"]
[Source "ChessBase"]
[SourceDate "2002.03.21"]
[SourceVersion "1"]
[SourceVersionDate "2002.03.21"]
[SourceQuality "1"]

1. d4 d5 2. c4 dxc4 3. e4 c5 4. d5 Nf6 5. Nc3 b5 6. e5 b4 7. exf6 bxc3 8. bxc3
Ba6 9. Bf4 gxf6 (9... Nd7 10. Qa4 Qb6 11. fxe7 Bxe7 12. Bxc4 Qb2 13. Rc1 Bxc4
14. Qxc4 Nb6 15. Qe2 Qxe2+ 16. Nxe2 Nxd5 {1/2-1/2 Ilincic,Z-Bakic,R/YUG-Cup
Herceg Novi 2000 (16)}) 10. Rb1 (10. Bxc4 Bxc4 11. Qa4+ Nd7 12. Qxc4 Nb6 $11)
10... Bg7 11. g3 (11. Qg4 $5 Kf8 12. Qg3 Nd7 13. Bc7 Qe8 14. Nf3 $13) 11... O-O
12. Ne2 (12. Bg2 Nd7 13. Qa4 Qc8 14. Ne2 Nb6 $132) 12... Nd7 13. Qa4 Ne5 $1 {
[%mdl 512]} (13... Qc8 14. Bh3 $1 Rd8 15. O-O $16) 14. Bxe5 Qxd5 15. Rg1 fxe5
16. Qxa6 Rfd8 $44 17. f3 (17. Bh3 Rab8 18. Ra1 Rb2 $19) (17. Bg2 $4 Qd2+ 18.
Kf1 Qd1+ 19. Rxd1 Rxd1#) (17. f4 e4 18. Bg2 Bxc3+ 19. Kf1 Rab8 $17) 17... e4 $1
18. Qb7 $2 (18. fxe4 Bxc3+ (18... Qd2+ 19. Kf2 Bxc3 20. Qxc4 Bd4+ 21. Kg2 Bxg1
22. Kxg1 Rab8 $15) 19. Kf2 Bd4+ 20. Kf3 Qh5+ 21. g4 Qxh2 22. Rg2 Qe5 $44) 18...
Bxc3+ $2 ({Simplest is} 18... Qxb7 19. Rxb7 exf3 20. Rxe7 fxe2 $19) 19. Kf2 e3+
20. Kg2 Qxb7 21. Rxb7 Bd2 {[%cal Yc4c1]} 22. Rxe7 (22. f4 c3 23. Kf3 c2 24. Bh3
Rab8 $17) 22... c3 23. Re4 (23. Kh1 $5 c2 24. Bh3 Rab8 25. Bf5 Rb2 26. Rxa7 $13
) 23... Rab8 24. Rc4 Rb2 25. f4 c2 26. Kf3 Rd3 27. Bh3 {[%cal Gh3f5]} c1=Q 28.
Nxc1 Ra3 29. Ne2 $16 Bb4 30. Re4 (30. Ra1 $5) 30... Bd2 31. Ra1 a5 32. Bf5
Raxa2 33. Rxa2 Rxa2 34. Rc4 (34. Re7 a4 35. Be4 $16 {[%cal Ge4d5]}) 34... Bb4
35. Kxe3 a4 $132 36. Rc2 (36. Nc3 Ra1 37. Nd5 $18 a3 38. Nxb4 cxb4 39. Rxb4 a2
$15) 36... Ra1 37. Nc1 a3 38. Bd3 Kg7 39. Bc4 Kf6 40. g4 h6 41. h4 Rb1 42. Ba2
Ra1 43. h5 Kg7 1-0

[Event "Olympiad-34"]
[Site "Istanbul"]
[Date "2000.10.31"]
[Round "4.1"]
[White "Khalifman, Alexander"]
[Black "Bauer, Christian"]
[Result "1/2-1/2"]
[WhiteElo "2667"]
[BlackElo "2562"]
[Annotator "Huzman,A"]
[PlyCount "57"]
[EventDate "2000.10.28"]
[EventType "team-swiss"]
[EventRounds "14"]
[EventCountry "TUR"]
[SourceTitle "EXT 2001"]
[Source "ChessBase"]
[SourceDate "2000.11.22"]
[SourceVersion "1"]
[SourceVersionDate "2000.11.22"]
[SourceQuality "1"]
[WhiteTeam "Russia"]
[BlackTeam "France"]
[WhiteTeamCountry "RUS"]
[BlackTeamCountry "FRA"]

1. d4 d5 2. c4 dxc4 3. e4 e5 4. Nf3 exd4 5. Bxc4 Nc6 6. O-O Nf6 7. Qb3 Qd7 8.
Bd2 (8. Ng5 Ne5 9. Bb5 c6 10. f4 Neg4 11. Bc4 Nh6 12. Nd2 Bc5 13. Ndf3 O-O 14.
Ne5 Qe7 15. h3 Bd6 16. Nef3 Bc5 17. Bd3 Ne8 18. e5 Bf5 19. g4 Bxd3 20. Qxd3 f5
21. exf6 Nxf6 22. Bd2 $44 {1-0 Kasparov G-Constellation 3 6/Hamburg sim-32
1985 (59)}) 8... a6 $146 {[%cal Yb7b5]} (8... a5 9. Re1 a4 10. Qb5 Nd8 11. e5
Ng4 12. Nxd4 Ne6 13. Nxe6 fxe6 14. h3 $16 {1/2-1/2 Morovic Fernandez,I-Stevic,
H/Pula CRO 1999 (52)}) 9. Re1 (9. e5 Ne4) 9... b5 10. Bd5 Nxd5 (10... Bb7 11.
Ng5 (11. Bxc6 Qxc6 12. Nxd4 Qb6 13. Nf5 O-O-O) 11... Nd8 (11... Nxd5 12. exd5+
Ne7 13. d6 $40) 12. Bxb7 Nxb7 13. e5 Nd5 14. e6 $40) 11. exd5+ Ne7 12. Nxd4 (
12. Ne5 Qxd5 $1 (12... Qf5 13. Nc6 Bb7 14. Nxe7 Bxe7 15. Bb4 $18) 13. Qxd5 Nxd5
14. Ng6+ Be6 15. Nxh8 Kd7) 12... Bb7 13. Nc6 $1 (13. Nc3 O-O-O 14. a4 b4 15.
Qxb4 Nxd5 16. Qb3 Bc5 $36) 13... Bxc6 14. dxc6 Qxc6 15. a4 O-O-O $2 (15... Rd8
16. axb5 Qxb5 17. Qa3 $44) 16. axb5 axb5 17. Rc1 Qd5 18. Bf4 $2 (18. Qc3 $1 c6
(18... Rd7 19. Ra7 c6 20. Ra8+ Kb7 21. Qa5) (18... Qd6 19. Ra7 Nd5 20. Qa5 $18)
19. Ra7 Rd7 20. Ra8+ Kb7 21. Qa5 $18) 18... Nc6 $1 19. Qxd5 (19. Nd2 $5 Qxb3 (
19... Kb7 20. Nc4 Bb4 21. Qa2 $1 $18) 20. Nxb3 Kb7 21. Bxc7 Kxc7 22. Ra6) 19...
Rxd5 20. Ra6 (20. Nc3 Rf5 (20... Rc5 21. Nxb5 Kb7 22. Nxc7 $16) (20... Rd7 21.
Nxb5 Kb7 22. Bxc7 $16) 21. Nxb5 Rxf4 22. Rxc6 Rb4 23. Nxc7 Rxb2) 20... Ne5 21.
Nc3 Rc5 22. Be3 (22. b4 Rc6 23. Rxc6 (23. Ra8+ Kb7 24. Rxf8 Rxf8 25. Bxe5 f6 (
25... Rd8 26. Bxg7 f6 27. Kf1 Rd3 $140 28. Bxf6 Rxf6 29. Ne4 $16) 26. Bd4 Rc4
27. Ne2 Rxc1+ 28. Nxc1 Kc6 $11) 23... Nxc6 24. Nxb5 Kb7 $11) 22... Kb7 23. Ra2
(23. Rca1 Rc4 24. Nxb5 (24. Ra7+ Kc6 25. R1a6+ Kd7 26. Nxb5 Be7 $14) 24... Nc6
$11) 23... Nd3 24. Rca1 Bd6 25. Ra7+ Kc6 26. R7a6+ Kb7 27. Ra7+ Kc6 28. R7a6+
Kb7 29. Ra7+ (29. Bxc5 Bxc5 30. Nxb5 Bxf2+ 31. Kf1 Bb6 $44) 1/2-1/2